NBA All-Stars - Sudden Death - Statistics

General Stats
  • This quiz has been taken 166 times
    84 since last reset
  • The average score is 3 of 11
Answers on the Grid
Answers color-coded by a green-red scale on the quiz's grid according to % correct below.
Ron Artest
Andre Iguodala
Tyler Herro
Kyle Korver
Rip Hamilton
Goran Dragic
Fat Lever
Doc Rivers
Bill Cartwright
Jim Paxson
CJ McCollum
Jamal Murray
Rod Strickland
Phil Jackson
Mike Bibby
Robin Lopez
Jason Terry
Jordan Poole
Andrew Bogut
Richard Jefferson
 
Answer Stats
Answer % Correct
Jamal Murray
53%
Tyler Herro
50%
Andre Iguodala
48%
Kyle Korver
40%
Goran Dragic
30%
Rip Hamilton
30%
Ron Artest
25%
Fat Lever
15%
Doc Rivers
13%
Bill Cartwright
8%
Jim Paxson
5%
No matching quizzes found
Score Distribution
Percent of People with Each Score
Percentile by Number Answered
Your Score History
You have not taken this quiz since the last reset